000 00581 a2200193 4500
999 _c7516
_d7516
020 _a9780409112740
050 _aHF5657 VIG 2007
100 _aVigario, F. ( Francisco Antonio Amaral)
_eauthor
245 _aManagerial accounting /
_cFrancisco A. A. Vigario
250 _aFourth edition
264 _aDurban :
_bLexisNexis,
_cc2007
300 _aix, 617p. :
500 _atextbooks
650 _aBusiness enterprises
_xFinance
650 _aCorporations
_xFinance
650 _aManagerial accounting
651 _aSouth Africa
942 _2lcc
_cBK
_eFourth edition
_h5657
_iVIG
_kHF